000 00351nam a2200145Ia 4500
008 221030s9999 xx 000 0 und d
041 _aEnglish
082 _a105.23
100 _aG. K. Mithal
245 0 _aElectronic Circuits (Analog and Digital)
_cby G. K. Mithal, M. Mittal
260 _c0
650 _aB
700 _aM. Mittal
942 _cBK
999 _c13728
_d13728